Cats: Sudden Death - Statistics

General Stats
  • This quiz has been taken 834 times
  • The average score is 13 of 51
Answers on the Grid
Answers color-coded by a green-red scale on the quiz's grid according to % correct below.
British Shorthair
Persian
Farsi
Siamese
Balinese
American Bobtail
American Curl
Abyssinian
Burmese
Birmin
American Shorthair
Exotic Shorthair
Maine Coon
Devon Rex
Ragdoll
Bombay
Mumbai
Chartreux
American Wirehair
Scottish Fold
Cornish Rex
Cornish Text
Cornish Rexy
Sphynx
Russian Blue
Russian Green
Russian Red
Tonkinese
Japanese Bobtail
Japanese Longtail
Japanese Bob
Ocicat
LaPerm
Bengal
Bengali
British Longhair
Egyptian Mau
Iranian Mau
Khao Manee
Javanese
Siberian / Siberian Forest
Norwegian Forest
Manx
Turkish Angora
Selkirk Rex
Sokoke
Somali
Somalee
Turkish Van
Turkish Delight
Korat
Donskoy
American Longhair
Brazilian Shorthair
Snowshoe
Snowball
Chausie
Snowcone
Chantilly / Tiffany
Himalayan
Munchkin
Peterbald
Oriental Shorthair
Oriental Longhair
Oriental Nohair
Oriental Sphynx
British Sphynx
Cat
Toyger
Tiger
Tigger
Tiggr
 
Answer Stats
Answer % Correct
Persian
86%
Siamese
78%
British Shorthair
76%
Maine Coon
72%
Ragdoll
64%
Sphynx
57%
Burmese
55%
American Shorthair
50%
Russian Blue
48%
Abyssinian
45%
Scottish Fold
44%
American Bobtail
41%
Bengal
38%
Devon Rex
36%
Cornish Rex
33%
Exotic Shorthair
30%
Bombay
27%
Munchkin
26%
Japanese Bobtail
25%
Balinese
24%
Manx
24%
American Curl
23%
British Longhair
23%
Egyptian Mau
23%
American Longhair
21%
Norwegian Forest
20%
Turkish Angora
17%
Himalayan
16%
Siberian / Siberian Forest
16%
Oriental Shorthair
15%
Turkish Van
15%
Toyger
14%
Birmin
13%
Tonkinese
13%
American Wirehair
12%
Chartreux
12%
Ocicat
11%
Selkirk Rex
10%
Oriental Longhair
9%
Javanese
7%
Somali
7%
Brazilian Shorthair
6%
LaPerm
6%
Snowshoe
6%
Korat
5%
Chantilly / Tiffany
4%
Chausie
4%
Khao Manee
4%
Peterbald
4%
Donskoy
3%
Sokoke
2%
No matching quizzes found
Score Distribution
Percent of People with Each Score
Percentile by Number Answered
Your Score History
You have not taken this quiz